1139 1973 1198 1723 1333 1374 1945 1057 1069 1726 1837 1479 1605 1488 1127 1414 1116 1101 1586 1706 1486 1667 1590 1207 1457 1035 1499 1153 1949 1511 1697 1344 1311 1128 1270 1817 1914 1186 1208 1163 1326 1959 1715 1929 1754 1740 1364 1264 1530 1573 1226 1556 1874 1644 1136 1746 1007 1288 1817 1386 1655 1020 1210 1695 1677 1540 1658 1043 1839 1613 1496 1437 1063 1225 1942 1449 1737 1616 1755 1687 1579 1335 1322 1768 1066 1134 1739 1065 1297 1682 1902 1836 1601 1586 1762 1788 1499 1577 1501 BCNSPRNW ULIB Ver.6.0+V

เปลี่ยนเป็นภาษาไทย

Change to English
 แสดงรายละเอียดบรรณานุกรม
  กลับหน้าหลัก

Brief Record : Get Marc (ISO 2709) : E-mail record : QR code < ปิดหน้าต่าง
LEADER : 00000nam 2200000uu 4500
001    13399127182
003     ULIB
008    191021s2562||||th 000 0 tha d
020 ^- ^a9786167582962
050 ^- ^aนว.^bต278ร
100 ^- ^aติกาหลัง.
245 10 ^aรักสุดท้ายของซุป ตาร์ (เฒ่า) /^cติกาหลัง.
250 ^- ^aพิมพ์ครั้งที่ 1.
260 ^- ^aกรุงเทพฯ :^bแสนรัก,^c2562
300 ^- ^a272 หน้า.
945    ^p265^l0^i27874
999    ^aกัณชพร จุลอักษร
รายการนี้ยังไม่มีแท็ก
คุณยังไม่ได้ล็อกอิน คุณสามารถมีกิจกรรมร่วมกับเว็บไซต์ได้ แต่ต้องล็อกอินก่อน ::
  ล็อกอิน

รายการสื่อสารสนเทศ

ลำดับที่ ประเภท เลขเรียก/บาร์โค้ด สถานที่ สถานะ
1. วิทยาศาสตร์การแพทย์ และสุขภาพ
วิทยาศาสตร์การแพทย์ และสุขภาพ
นว. ต278ร ฉ.1 
  Barcode: 27874
ห้องสมุดวิทยาเขตนครสวรรค์
►นวนิยาย:l:Fiction
บนชั้น

รายการใกล้เคียง
    ผู้แต่ง [ติกาหลัง.]

BibComment


ยังไม่เคยถูกคอมเมนท์

คอมเมนท์ทรัพยากรรายการนี้
  คอมเมนท์: รักสุดท้ายของซุป..


 Copyright 2026. Bcnsprnw @Library